MARC

LEADER 00000nam0a2200000 4500
001 169478
005 20231031163430.0
035 |a (RuTPU)RU\TPU\book\183836 
090 |a 169478 
100 |a 20091112d1956 m y0rusy50 ca 
101 0 |a rus 
102 |a RU 
105 |a a z 001zy 
200 1 |a Проведение горизонтальных и наклонных горных выработок за рубежом  |f Л. С. Крастошевский 
210 |a Москва  |c Углетехиздат  |d 1956 
215 |a 79 с.  |c ил. 
320 |a Библиогр.: с. 76-77. 
610 1 |a горные выработки 
610 1 |a проведение 
610 1 |a бурильные машины 
610 1 |a проветривание 
610 1 |a погрузочные машины 
610 1 |a подземный транспорт 
675 |a 622.26  |v 3 
700 1 |a Крастошевский  |b Л. С.  |g Леонид Семенович 
801 1 |a RU  |b 63413507  |c 20091112 
801 2 |a RU  |b 63413507  |c 20131101  |g RCR 
942 |c BK